| Поле | Инд. | ПП | Название | Значение |
|---|---|---|---|---|
| Тип записи | a | |||
| Библиографический уровень | m | |||
| 001 | Контрольный номер | RU/IPR SMART/129066 | ||
| 005 | Дата корректировки | 20240506094006.4 | ||
| 008 | Кодируемые данные | 231006s2023 RU y f j 000 1 rus u | ||
| 020 | a | ISBN | 978-5-9935-0446-9 | |
| 040 | c | Служба, преобразующая запись | IPR SMART | |
| 041 | a | Код языка текста | rus | |
| 044 | a | Код страны публикации | RU | |
| 080 | a | Индекс УДК | 784 | |
| 084 | 2 | Источник индекса | rubbk | |
| a | Индекс другой классификации/Индекс ББК | 85.314 | ||
| 100 | 1_ | a | Автор | Лаврушкин, А. П. |
| 4 | Код отношения | 070 | ||
| 245 | a | Заглавие | Краткий курс хоровой аранжировки: переложение музыкальных произведений для детского хора | |
| b | Продолж. заглавия | учебно-методическое пособие для студентов, обучающихся по направлению 44.03.01 «педагогическое образование», профиль «музыкальное образование» | ||
| c | Ответственность | А. П. Лаврушкин | ||
| 250 | b | Дополнительные сведения об издании | Весь срок охраны авторского права | |
| a | Основные сведения об издании | Краткий курс хоровой аранжировки: переложение музыкальных произведений для детского хора | ||
| 256 | a | Характеристики компьютерного файла | Электрон. дан. (1 файл) | |
| 260 | a | Место издания | Волгоград | |
| b | Издательство | Волгоградский государственный социально-педагогический университет, «Перемена» | ||
| c | Дата издания | 2023 | ||
| 300 | a | Объем | 74 с. | |
| 500 | a | Примечание | Книга находится в премиум-версии IPR SMART. | |
| 516 | a | Прим. о типе комп. файла/ данных | Текст | |
| 520 | a | Аннотация | Данное учебно-методическое пособие разработано для студентов бакалавриата, профиль «Музыкальное образование» с целью систематизации знаний студентов в теоретической составляющей хоровой аранжировки, а также для развития и использования начинающими учителями музыки в своей профессиональной деятельности практических навыков в области переложения музыкальных произведений для различных видов детских хоров. | |
| 521 | a | Примеч. о целев. назн. | Весь срок охраны авторского права | |
| 538 | a | Прим. о системных особенностях | электронный | |
| 653 | a | Ключевые слова | музыкальное образование | |
| 653 | a | Ключевые слова | хоровая аранжировка | |
| 653 | a | Ключевые слова | музыкальное произведение | |
| 653 | a | Ключевые слова | детский хор | |
| 856 | 4_ | u | URL | https://www.iprbookshop.ru/129066.html |
| z | Примечание для пользователя | Перейти к просмотру издания | ||
| 901 | t | Тип документа | m |